Central Library OPAC University of Rajshahi

Bengal : (Record no. 26880)

MARC details
000 -LEADER
fixed length control field 00710nam a22002412a 4500
001 - CONTROL NUMBER
control field 26880
003 - CONTROL NUMBER IDENTIFIER
rucl marc code BD-RJUL
005 - DATE AND TIME OF LATEST TRANSACTION
control field 20211209051059.0
008 - FIXED-LENGTH DATA ELEMENTS--GENERAL INFORMATION
fixed length control field 140323s1968 xx 001 0 eng u
035 ## - SYSTEM CONTROL NUMBER
System control number (BD-RJUL)26951
040 ## - CATALOGING SOURCE
Original cataloging agency OSU
Modifying agency EQO
Language of cataloging eng
Transcribing agency BD-RjUL
041 ## - LANGUAGE CODE
Language code of text/sound track or separate title eng
082 ## - DEWEY DECIMAL CLASSIFICATION NUMBER
Classification number 954.14
Author mark and year IRB 1968
090 ## - LOCALLY ASSIGNED LC-TYPE CALL NUMBER (OCLC); LOCAL CALL NUMBER (OCLC)
Classification number (OCLC) (R) ; Classification number, CALL (RLIN) (NR) DS485.B493
Local cutter number (OCLC) ; Book number/undivided call number, CALL (RLIN) I7
100 1# - MAIN ENTRY--PERSONAL NAME
Personal name Irani, Cushrow,
Dates associated with a name 1930-
9 (RLIN) 82605
245 10 - TITLE STATEMENT
Title Bengal :
Remainder of title the communist challenge /
Statement of responsibility, etc. [by] C. R. Irani
260 ## - PUBLICATION, DISTRIBUTION, ETC. (IMPRINT)
Place of publication, distribution, etc. Bombay :
Name of publisher, distributor, etc. Lalvani Pub. House,
Date of publication, distribution, etc. 1968
300 ## - PHYSICAL DESCRIPTION
Pagination viii, 168 p. ;
Size 23 cm
504 ## - BIBLIOGRAPHY, ETC. NOTE
Bibliography, etc Includes index
650 #0 - SUBJECT ADDED ENTRY--TOPICAL TERM
Topical term or geographic name as entry element Communism
Geographic subdivision India
-- West Bengal
9 (RLIN) 82606
651 #0 - SUBJECT ADDED ENTRY--GEOGRAPHIC NAME
Geographic name West Bengal (India)
General subdivision Politics and government
9 (RLIN) 6175
942 ## - ADDED ENTRY ELEMENTS (KOHA)
Source of classification or shelving scheme Dewey Decimal Classification
Koha item type Books
Holdings
Lost status Source of classification or shelving scheme Damaged status Not for loan Collection code Permanent Location Current Location Shelving location Date acquired Source of acquisition Cost, normal purchase price Total Checkouts Full call number Date last seen Copy number Koha item type
  Dewey Decimal Classification   Added to bundle Non-fiction Central Library, University of Rajshahi Central Library, University of Rajshahi Reading Room 22/04/1974 book centre dacca 22.50   954.14 IRB 1968 23/03/2014 C-1 Books